Top 20 des villes les plus dangereuses du monde - Statistiques

Statistiques générales
  • Ce quiz a été pris 81 fois
  • Le résultat moyen est 9 sur 20
Statistiques - réponses
Pays Indice de sécurité Ville % Correct
Brésil 0.23 Rio de Janeiro
87%
Colombie 0.29 Bogota
76%
Irak 0.26 Bagdad
69%
Brésil 0.15 Brasilia
68%
Afrique du sud -0.1 Cape Town
63%
Venezuela -0.57 Caracas
61%
Syrie -0.29 Damascus
59%
Afrique du Sud 0.11 Johannesburg
58%
Colombie 0.12 Medellin
58%
Guatemala -0.17 Guatemala City
51%
Salvador -0.76 San Salvador
51%
Bahamas 0.22 Nassau
37%
République dominicaine 0.23 Santo Domingo
35%
Honduras -0.33 Tegucigalpa
35%
Trinité et Tobago -0.14 Port d'Espagne
27%
Colombie 0.25 Cali
23%
Brésil 0.1 Belo Horizonte
20%
Sainte Lucie 0.24 Castries
20%
Saint Christophe et Nièves 0.11 Basseterre
15%
Honduras -0.65 San Pedro Sula
1%
Aucun quiz correspondant
Distribution des résultats
% des personnes avec chaque résultat
Percentile par nombre de réponses
Votre historique - résultats
Vous n’avez pas pris ce quiz